00477nam a2200145Ia 4500008004100000041000800041082001700049100001800066245004000084260004100124300002400165365000700189999001300196952012200209240624s9999 xx 000 0 und d aeng a658.4092 CAP aCAPEZIO PETER aSECRETS OF BREAK THROUGH LEADERSHIP c1998aMumbaibJaico Publishing House a233 : p. : cm. ; 25 cRS c806d806 00104070aIMTNbIMTNcRack 30-Bd2004-10-23eJBDg695.00o658.4092 CAPp806r2024-06-24 00:00:00t1w2024-06-24yBK